[Event "U12 Polish Youth Championship"]
[Site "chess24.com"]
[Date "2018.05.01"]
[Round "4"]
[White "Dziewonski, Dariusz"]
[Black "Krahel, Karol"]
[Result "1-0"]
[Board "10"]
[WhiteElo "1805"]
[WhiteCountry "POL"]
[WhiteFideId "21835829"]
[WhiteEloChange "2"]
[BlackElo "1427"]
[BlackCountry "POL"]
[BlackFideId "21853517"]
[BlackEloChange "-2"]

1. e4 {[%clk 1:30:58]} c6 {[%clk 1:30:57]} 2. d4 {[%clk 1:31:22]} d5 {[%clk
1:31:23]} 3. Nc3 {[%clk 1:31:47]} dxe4 {[%clk 1:31:46]} 4. Nxe4 {[%clk 1:32:08]}
Bf5 {[%clk 1:32:13]} 5. Ng3 {[%clk 1:32:29]} Bg6 {[%clk 1:32:36]} 6. h4 {[%clk
1:32:48]} h6 {[%clk 1:32:35]} 7. f4 {[%clk 1:33:08]} e6 {[%clk 1:32:51]} 8. Nf3
{[%clk 1:33:19]} Nd7 {[%clk 1:33:11]} 9. h5 {[%clk 1:33:21]} Bh7 {[%clk 1:33:34]}
10. Bd3 {[%clk 1:33:40]} Bxd3 {[%clk 1:33:55]} 11. Qxd3 {[%clk 1:34:08]} Ngf6
{[%clk 1:34:17]} 12. Bd2 {[%clk 1:33:26]} Qc7 {[%clk 1:34:01]} 13. O-O-O {[%clk
1:32:45]} c5 {[%clk 1:32:28]} 14. Rhe1 {[%clk 1:21:21]} O-O-O {[%clk 1:23:32]}
15. Qe2 {[%clk 1:15:21]} Bd6 {[%clk 1:18:41]} 16. Ne5 {[%clk 1:11:11]} Bxe5
{[%clk 1:12:37]} 17. dxe5 {[%clk 1:10:35]} Nd5 {[%clk 1:12:40]} 18. Ne4 {[%clk
1:09:11]} N7b6 {[%clk 1:03:58]} 19. Nd6+ {[%clk 1:04:43]} Kb8 {[%clk 1:03:58]}
20. Qg4 {[%clk 1:00:15]} Nc8 {[%clk 0:55:11]} 21. Nb5 {[%clk 0:53:43]} Qd7 {[%clk
0:50:51]} 22. c4 {[%clk 0:51:54]} Ndb6 {[%clk 0:46:31]} 23. Ba5 {[%clk 0:49:57]}
Qe7 {[%clk 0:42:44]} 24. Rxd8 {[%clk 0:43:32]} Rxd8 {[%clk 0:41:25]} 25. Bxb6
{[%clk 0:38:25]} axb6 {[%clk 0:40:44]} 26. Rd1 {[%clk 0:35:47]} Rxd1+ {[%clk
0:35:24]} 27. Kxd1 {[%clk 0:36:02]} Qd7+ {[%clk 0:34:54]} 28. Kc2 {[%clk
0:36:20]} f6 {[%clk 0:30:13]} 29. exf6 {[%clk 0:33:49]} gxf6 {[%clk 0:30:32]} 30.
Qg6 {[%clk 0:32:46]} Qc6 {[%clk 0:29:00]} 31. Qxh6 {[%clk 0:30:09]} Qxg2+ {[%clk
0:24:06]} 32. Kb3 {[%clk 0:28:43]} Qh3+ {[%clk 0:13:08]} 33. Nc3 {[%clk 0:28:50]}
Qf5 {[%clk 0:12:16]} 34. Qh8 {[%clk 0:23:45]} Kc7 {[%clk 0:07:37]} 35. Qg7+
{[%clk 0:22:15]} Kc6 {[%clk 0:06:19]} 36. h6 {[%clk 0:16:57]} b5 {[%clk 0:04:53]}
37. h7 {[%clk 0:11:15]} bxc4+ {[%clk 0:05:13]} 38. Ka3 {[%clk 0:11:37]} b5 {[%clk
0:00:57]} 39. h8Q {[%clk 0:11:23]} b4+ {[%clk 0:01:05]} 40. Ka4 {[%clk 0:11:47]}
Qc2+ {[%clk 0:00:35]} 41. Ka5 {[%clk 0:11:46]} bxc3 {[%clk 0:00:38]} 42. Qxc8+
{[%clk 0:12:00]} Kd5 {[%clk 0:01:00]} 43. Qcd7+ {[%clk 0:12:05]} Ke4 {[%clk
0:01:12]} 44. Qxe6+ {[%clk 0:12:07]} Kf3 {[%clk 0:01:29]} 45. Qeg4+ {[%clk
0:11:51]} Ke3 {[%clk 0:01:30]} 46. Qg3+ {[%clk 0:11:52]} Kd2 {[%clk 0:01:24]} 47.
Qf2+ {[%clk 0:11:58]} Kc1 {[%clk 0:01:46]} 48. Qxc2+ {[%clk 0:12:20]} Kxc2 {[%clk
0:02:11]} 49. bxc3 {[%clk 0:12:47]} Kxc3 {[%clk 0:02:32]} 50. Qxf6+ {[%clk
0:13:07]} Kc2 {[%clk 0:02:32]} 51. Qf5+ {[%clk 0:13:04]} Kb2 {[%clk 0:02:48]} 52.
Qxc5 {[%clk 0:13:23]} c3 {[%clk 0:03:08]} 53. f5 {[%clk 0:13:23]} 1-0

[Event "U12 Polish Youth Championship"]
[Site "chess24.com"]
[Date "2018.05.01"]
[Round "4"]
[White "Czernecki, Andrzej"]
[Black "Bogusz, Alan"]
[Result "0-1"]
[Board "11"]
[WhiteElo "1418"]
[WhiteCountry "POL"]
[WhiteFideId "21810117"]
[WhiteEloChange "-4"]
[BlackElo "1683"]
[BlackCountry "POL"]
[BlackFideId "21810060"]
[BlackEloChange "4"]

1. e4 {[%clk 1:30:58]} c5 {[%clk 1:30:54]} 2. Nf3 {[%clk 1:31:05]} Nc6 {[%clk
1:31:17]} 3. d4 {[%clk 1:31:04]} cxd4 {[%clk 1:31:36]} 4. Nxd4 {[%clk 1:31:27]}
Qc7 {[%clk 1:32:06]} 5. Nb3 {[%clk 1:21:04]} e6 {[%clk 1:28:00]} 6. Bd3 {[%clk
1:19:42]} Nf6 {[%clk 1:25:20]} 7. O-O {[%clk 1:19:32]} Be7 {[%clk 1:23:58]} 8. c4
{[%clk 1:17:51]} O-O {[%clk 1:23:04]} 9. Nc3 {[%clk 1:14:29]} a6 {[%clk 1:20:04]}
10. f4 {[%clk 1:12:01]} d6 {[%clk 1:17:04]} 11. Be3 {[%clk 1:09:50]} Nb4 {[%clk
1:16:25]} 12. Be2 {[%clk 1:08:18]} Nd7 {[%clk 1:15:06]} 13. a3 {[%clk 1:07:39]}
Nc6 {[%clk 1:15:12]} 14. Na4 {[%clk 1:06:03]} b6 {[%clk 1:14:07]} 15. Qe1 {[%clk
1:03:48]} Nc5 {[%clk 1:13:34]} 16. Nbxc5 {[%clk 1:03:06]} bxc5 {[%clk 1:12:12]}
17. Qg3 {[%clk 1:01:02]} Bf6 {[%clk 1:11:11]} 18. e5 {[%clk 0:57:37]} Be7 {[%clk
1:10:25]} 19. exd6 {[%clk 0:55:27]} Bxd6 {[%clk 1:10:46]} 20. Bxc5 {[%clk
0:54:21]} Bxc5+ {[%clk 1:11:06]} 21. Nxc5 {[%clk 0:54:24]} Nd4 {[%clk 1:11:25]}
22. Bd3 {[%clk 0:47:43]} Qxc5 {[%clk 1:11:34]} 23. Kh1 {[%clk 0:48:11]} Nf5
{[%clk 1:10:59]} 24. Qf3 {[%clk 0:48:02]} Rb8 {[%clk 1:11:03]} 25. b4 {[%clk
0:48:23]} Qc7 {[%clk 1:10:37]} 26. Rad1 {[%clk 0:47:54]} Bb7 {[%clk 1:09:06]} 27.
Qe2 {[%clk 0:46:35]} Rfd8 {[%clk 1:09:08]} 28. c5 {[%clk 0:46:20]} Rd7 {[%clk
1:07:57]} 29. Bxf5 {[%clk 0:36:31]} exf5 {[%clk 1:08:16]} 30. Rxd7 {[%clk
0:35:40]} Qxd7 {[%clk 1:07:57]} 31. Rd1 {[%clk 0:36:01]} Qc6 {[%clk 1:08:11]} 32.
Rd6 {[%clk 0:36:17]} Re8 {[%clk 1:07:43]} 0-1

[Event "U12 Polish Youth Championship"]
[Site "chess24.com"]
[Date "2018.05.01"]
[Round "4"]
[White "Madajczak, Piotr"]
[Black "Iwaszkiewicz, Grzegorz"]
[Result "1-0"]
[Board "12"]
[WhiteElo "1618"]
[WhiteCountry "POL"]
[WhiteFideId "21835934"]
[WhiteEloChange "5"]
[BlackElo "1411"]
[BlackCountry "POL"]
[BlackFideId "21810214"]
[BlackEloChange "-5"]

1. f4 {[%clk 1:30:58]} c5 {[%clk 1:30:29]} 2. Nf3 {[%clk 1:31:22]} Nc6 {[%clk
1:30:51]} 3. g3 {[%clk 1:31:47]} d5 {[%clk 1:31:08]} 4. Bg2 {[%clk 1:32:10]} Nf6
{[%clk 1:31:03]} 5. O-O {[%clk 1:32:31]} Bf5 {[%clk 1:30:53]} 6. d3 {[%clk
1:32:51]} h6 {[%clk 1:30:57]} 7. c3 {[%clk 1:32:51]} e6 {[%clk 1:31:06]} 8. Qe1
{[%clk 1:32:56]} Be7 {[%clk 1:29:21]} 9. Nbd2 {[%clk 1:29:05]} O-O {[%clk
1:26:58]} 10. e4 {[%clk 1:27:59]} Bh7 {[%clk 1:26:53]} 11. Qe2 {[%clk 1:20:18]}
c4 {[%clk 1:22:26]} 12. dxc4 {[%clk 1:17:14]} dxe4 {[%clk 1:18:47]} 13. Ne5
{[%clk 1:16:57]} Nxe5 {[%clk 1:14:12]} 14. fxe5 {[%clk 1:17:20]} Bc5+ {[%clk
1:13:30]} 15. Kh1 {[%clk 1:17:38]} e3 {[%clk 1:02:48]} 16. exf6 {[%clk 1:12:00]}
exd2 {[%clk 1:01:07]} 17. Qxd2 {[%clk 1:11:41]} Qxd2 {[%clk 1:01:06]} 18. Bxd2
{[%clk 1:12:05]} Rfd8 {[%clk 1:00:52]} 19. Bf4 {[%clk 1:11:03]} g5 {[%clk
1:00:29]} 20. Be5 {[%clk 1:11:22]} Rd2 {[%clk 1:00:42]} 21. b4 {[%clk 1:11:23]}
Bd6 {[%clk 0:59:09]} 22. Bxd6 {[%clk 1:11:26]} Rxd6 {[%clk 0:59:24]} 23. Rfd1
{[%clk 1:11:42]} Bd3 {[%clk 0:54:29]} 24. c5 {[%clk 1:10:53]} Rd7 {[%clk
0:53:24]} 25. c6 {[%clk 1:10:23]} Rd6 {[%clk 0:51:24]} 26. cxb7 {[%clk 1:07:21]}
Rad8 {[%clk 0:51:36]} 27. Rd2 {[%clk 1:07:29]} e5 {[%clk 0:50:25]} 28. Rad1
{[%clk 1:07:43]} e4 {[%clk 0:50:25]} 29. Kg1 {[%clk 1:08:04]} e3 {[%clk 0:50:31]}
30. Rxd3 {[%clk 1:08:01]} e2 {[%clk 0:48:54]} 31. Rxd6 {[%clk 1:08:22]} exd1Q+
{[%clk 0:49:03]} 32. Rxd1 {[%clk 1:08:46]} Rxd1+ {[%clk 0:49:20]} 33. Kf2 {[%clk
1:09:11]} Rd8 {[%clk 0:49:41]} 34. c4 {[%clk 1:09:36]} Kf8 {[%clk 0:49:59]} 35.
c5 {[%clk 1:09:52]} 1-0

[Event "U12 Polish Youth Championship"]
[Site "chess24.com"]
[Date "2018.05.01"]
[Round "4"]
[White "Serewa, Antoni"]
[Black "Wilk, Igor"]
[Result "1-0"]
[Board "13"]
[WhiteElo "1392"]
[WhiteCountry "POL"]
[WhiteFideId "21837198"]
[WhiteEloChange "14"]
[BlackElo "1558"]
[BlackCountry "POL"]
[BlackFideId "21831580"]
[BlackEloChange "-14"]

1. Nf3 {[%clk 1:30:42]} e6 {[%clk 1:30:40]} 2. g3 {[%clk 1:29:53]} Nf6 {[%clk
1:30:35]} 3. Bg2 {[%clk 1:29:48]} d5 {[%clk 1:30:24]} 4. O-O {[%clk 1:29:54]} c5
{[%clk 1:30:06]} 5. d4 {[%clk 1:29:17]} Nc6 {[%clk 1:29:36]} 6. c4 {[%clk
1:28:41]} Be7 {[%clk 1:28:31]} 7. cxd5 {[%clk 1:27:51]} Nxd5 {[%clk 1:24:55]} 8.
dxc5 {[%clk 1:26:44]} Bxc5 {[%clk 1:24:17]} 9. a3 {[%clk 1:26:21]} Be7 {[%clk
1:18:10]} 10. Qc2 {[%clk 1:21:22]} O-O {[%clk 1:13:29]} 11. Rd1 {[%clk 1:16:55]}
Qe8 {[%clk 1:11:43]} 12. b4 {[%clk 1:12:30]} Bf6 {[%clk 1:06:43]} 13. Bb2 {[%clk
1:11:26]} Bxb2 {[%clk 1:06:08]} 14. Qxb2 {[%clk 1:09:55]} b6 {[%clk 1:03:52]} 15.
e4 {[%clk 1:06:23]} Nf6 {[%clk 1:01:05]} 16. e5 {[%clk 1:05:14]} Nd5 {[%clk
0:59:48]} 17. Nfd2 {[%clk 1:03:44]} Nce7 {[%clk 0:52:59]} 18. Ne4 {[%clk
1:02:14]} Bb7 {[%clk 0:51:13]} 19. Nbd2 {[%clk 1:01:56]} Qb8 {[%clk 0:45:48]} 20.
Nd6 {[%clk 1:00:28]} f6 {[%clk 0:41:53]} 21. N2e4 {[%clk 0:50:16]} f5 {[%clk
0:36:33]} 22. Ng5 {[%clk 0:48:40]} Bc8 {[%clk 0:35:20]} 23. Rac1 {[%clk 0:43:35]}
Bd7 {[%clk 0:33:44]} 24. f4 {[%clk 0:37:28]} h6 {[%clk 0:31:15]} 25. Nf3 {[%clk
0:34:40]} Nc8 {[%clk 0:29:41]} 26. Nxc8 {[%clk 0:33:15]} Rxc8 {[%clk 0:29:49]}
27. Nd4 {[%clk 0:33:08]} Kf7 {[%clk 0:23:33]} 28. Bxd5 {[%clk 0:30:56]} exd5
{[%clk 0:23:39]} 29. e6+ {[%clk 0:29:25]} Bxe6 {[%clk 0:23:14]} 30. Nxe6 {[%clk
0:29:49]} Kxe6 {[%clk 0:22:53]} 31. Qxg7 {[%clk 0:30:04]} Rxc1 {[%clk 0:20:58]}
32. Rxc1 {[%clk 0:30:28]} d4 {[%clk 0:20:00]} 33. Qxh6+ {[%clk 0:29:35]} Kf7
{[%clk 0:18:50]} 34. Qh5+ {[%clk 0:27:44]} Kf6 {[%clk 0:18:44]} 35. Rc6+ {[%clk
0:26:54]} Kg7 {[%clk 0:18:44]} 36. Qg5+ {[%clk 0:26:34]} Kf7 {[%clk 0:18:21]} 37.
Qxf5+ {[%clk 0:26:36]} Ke7 {[%clk 0:18:28]} 38. Qe6+ {[%clk 0:26:08]} Kf8 {[%clk
0:18:26]} 39. Qf6+ {[%clk 0:26:29]} Kg8 {[%clk 0:18:40]} 40. Qg6+ {[%clk
0:26:51]} 1-0

[Event "U12 Polish Youth Championship"]
[Site "chess24.com"]
[Date "2018.05.01"]
[Round "4"]
[White "Zalega, Maciej"]
[Black "Krupinski, Mikolaj"]
[Result "0-1"]
[Board "14"]
[WhiteElo "1309"]
[WhiteCountry "POL"]
[WhiteFideId "21858284"]
[WhiteEloChange "-4"]
[BlackElo "1547"]
[BlackCountry "POL"]
[BlackFideId "21835918"]
[BlackEloChange "4"]

1. e4 {[%clk 1:30:59]} c5 {[%clk 1:30:30]} 2. Nf3 {[%clk 1:30:59]} Nc6 {[%clk
1:30:38]} 3. d4 {[%clk 1:31:19]} cxd4 {[%clk 1:30:55]} 4. Nxd4 {[%clk 1:31:45]}
Nf6 {[%clk 1:30:58]} 5. Nc3 {[%clk 1:32:09]} d6 {[%clk 1:30:44]} 6. Be3 {[%clk
1:31:02]} Ng4 {[%clk 1:30:07]} 7. Bb5 {[%clk 1:29:47]} Nxe3 {[%clk 1:18:46]} 8.
fxe3 {[%clk 1:28:56]} Bd7 {[%clk 1:18:55]} 9. O-O {[%clk 1:28:12]} Ne5 {[%clk
1:03:26]} 10. Qe2 {[%clk 1:18:01]} g6 {[%clk 1:00:28]} 11. Nd5 {[%clk 1:16:30]}
Bh6 {[%clk 0:49:20]} 12. Bxd7+ {[%clk 1:02:24]} Qxd7 {[%clk 0:47:53]} 13. Nb5
{[%clk 1:02:34]} O-O {[%clk 0:46:17]} 14. Rad1 {[%clk 0:51:41]} a6 {[%clk
0:43:35]} 15. Nbc3 {[%clk 0:48:00]} Rad8 {[%clk 0:33:05]} 16. h3 {[%clk 0:44:07]}
Kh8 {[%clk 0:28:32]} 17. Qf2 {[%clk 0:42:23]} Rde8 {[%clk 0:19:04]} 18. Qg3
{[%clk 0:34:25]} b5 {[%clk 0:12:42]} 19. b3 {[%clk 0:31:43]} Qc6 {[%clk 0:09:30]}
20. Rfe1 {[%clk 0:19:10]} Bg7 {[%clk 0:05:47]} 21. Ne2 {[%clk 0:15:52]} Qxc2
{[%clk 0:05:33]} 22. Nd4 {[%clk 0:12:35]} Qxe4 {[%clk 0:05:05]} 23. Nc7 {[%clk
0:11:11]} Rc8 {[%clk 0:05:02]} 24. Nxa6 {[%clk 0:10:44]} Nd3 {[%clk 0:05:24]} 25.
Rf1 {[%clk 0:10:12]} Be5 {[%clk 0:03:39]} 26. Qg5 {[%clk 0:07:58]} f6 {[%clk
0:03:27]} 27. Qh6 {[%clk 0:08:20]} Bxd4 {[%clk 0:03:27]} 28. exd4 {[%clk
0:08:20]} Qxd4+ {[%clk 0:02:59]} 29. Kh2 {[%clk 0:08:32]} Qe5+ {[%clk 0:03:14]}
30. Kg1 {[%clk 0:07:36]} Nc5 {[%clk 0:03:01]} 31. Nxc5 {[%clk 0:07:42]} Qxc5+
{[%clk 0:03:27]} 32. Kh1 {[%clk 0:07:55]} Qg5 {[%clk 0:03:23]} 33. Qxg5 {[%clk
0:07:54]} fxg5 {[%clk 0:03:23]} 34. Rfe1 {[%clk 0:07:54]} Rfe8 {[%clk 0:03:40]}
35. Rd5 {[%clk 0:07:47]} b4 {[%clk 0:03:51]} 36. Rxg5 {[%clk 0:08:04]} e5 {[%clk
0:03:51]} 37. Rg4 {[%clk 0:07:59]} d5 {[%clk 0:03:51]} 38. Rxb4 {[%clk 0:07:59]}
d4 {[%clk 0:03:57]} 39. Rb5 {[%clk 0:08:05]} d3 {[%clk 0:04:06]} 40. Rd5 {[%clk
0:08:19]} Red8 {[%clk 0:04:07]} 41. Rexe5 {[%clk 0:07:19]} d2 {[%clk 0:04:30]}
42. a4 {[%clk 0:06:59]} Rxd5 {[%clk 0:04:51]} 43. Rxd5 {[%clk 0:06:12]} Rc1+
{[%clk 0:05:19]} 44. Kh2 {[%clk 0:06:33]} d1Q {[%clk 0:05:44]} 45. Rxd1 {[%clk
0:06:47]} Rxd1 {[%clk 0:06:12]} 0-1

[Event "U12 Polish Youth Championship"]
[Site "chess24.com"]
[Date "2018.05.01"]
[Round "4"]
[White "Pancewicz, Szymon"]
[Black "Nowak, Filip"]
[Result "0-1"]
[Board "15"]
[WhiteElo "1337"]
[WhiteCountry "POL"]
[WhiteFideId "21852995"]
[WhiteEloChange "-6"]
[BlackElo "1475"]
[BlackCountry "POL"]
[BlackFideId "21817030"]
[BlackEloChange "6"]

1. e4 {[%clk 1:30:55]} c5 {[%clk 1:30:40]} 2. Nf3 {[%clk 1:31:21]} e6 {[%clk
1:30:55]} 3. d4 {[%clk 1:31:45]} cxd4 {[%clk 1:31:23]} 4. Nxd4 {[%clk 1:32:11]}
Nf6 {[%clk 1:31:37]} 5. Nc3 {[%clk 1:32:36]} d6 {[%clk 1:31:15]} 6. f4 {[%clk
1:32:51]} Be7 {[%clk 1:30:28]} 7. Bb5+ {[%clk 1:33:02]} Bd7 {[%clk 1:27:44]} 8.
e5 {[%clk 1:32:46]} dxe5 {[%clk 1:26:03]} 9. fxe5 {[%clk 1:33:08]} Nd5 {[%clk
1:23:56]} 10. Nxd5 {[%clk 1:33:16]} exd5 {[%clk 1:23:21]} 11. Bxd7+ {[%clk
1:33:13]} Qxd7 {[%clk 1:20:09]} 12. O-O {[%clk 1:31:02]} Bc5 {[%clk 1:16:57]} 13.
Be3 {[%clk 1:27:30]} Nc6 {[%clk 1:06:28]} 14. Nf5 {[%clk 1:18:28]} Bxe3+ {[%clk
1:06:02]} 15. Nxe3 {[%clk 1:18:08]} Rd8 {[%clk 1:04:44]} 16. Qh5 {[%clk 1:12:24]}
O-O {[%clk 1:02:44]} 17. Rad1 {[%clk 1:10:12]} Qe6 {[%clk 0:57:32]} 18. Ng4
{[%clk 1:04:27]} Rfe8 {[%clk 0:55:14]} 19. Rd3 {[%clk 0:54:27]} Nb4 {[%clk
0:55:14]} 20. Rg3 {[%clk 0:50:37]} Kf8 {[%clk 0:22:39]} 21. Nf6 {[%clk 0:45:23]}
Qb6+ {[%clk 0:21:07]} 22. Kh1 {[%clk 0:44:37]} gxf6 {[%clk 0:21:16]} 23. Qxh7
{[%clk 0:33:30]} Rxe5 {[%clk 0:17:31]} 24. Rg7 {[%clk 0:28:47]} Qe6 {[%clk
0:17:28]} 25. h3 {[%clk 0:27:51]} Ke7 {[%clk 0:17:28]} 26. Kh2 {[%clk 0:26:02]}
Rc8 {[%clk 0:17:36]} 27. c3 {[%clk 0:25:50]} Na6 {[%clk 0:16:38]} 28. h4 {[%clk
0:23:16]} Rc4 {[%clk 0:15:33]} 29. Rf3 {[%clk 0:22:16]} Ree4 {[%clk 0:15:14]} 30.
Rh3 {[%clk 0:15:25]} Qe5+ {[%clk 0:15:02]} 31. Rgg3 {[%clk 0:14:03]} Re3 {[%clk
0:14:45]} 32. Qg7 {[%clk 0:11:53]} Rxg3 {[%clk 0:14:56]} 33. Qxg3 {[%clk
0:11:54]} Qxg3+ {[%clk 0:15:24]} 34. Kxg3 {[%clk 0:12:14]} Rc8 {[%clk 0:15:34]}
35. h5 {[%clk 0:12:39]} Rh8 {[%clk 0:16:01]} 36. Kf4 {[%clk 0:12:53]} Nc5 {[%clk
0:15:57]} 37. g4 {[%clk 0:13:03]} Ne6+ {[%clk 0:15:55]} 38. Kf5 {[%clk 0:13:17]}
Rg8 {[%clk 0:16:14]} 0-1

[Event "U12 Polish Youth Championship"]
[Site "chess24.com"]
[Date "2018.05.01"]
[Round "4"]
[White "Wiatrowski, Zbigniew"]
[Black "Grzadka, Artur"]
[Result "1-0"]
[Board "16"]
[WhiteElo "1427"]
[WhiteCountry "POL"]
[WhiteFideId "21880816"]
[WhiteEloChange "6"]
[BlackElo "1269"]
[BlackCountry "POL"]
[BlackFideId "21836736"]
[BlackEloChange "-6"]

1. e4 {[%clk 1:30:30]} c6 {[%clk 1:30:30]} 2. d4 {[%clk 1:30:30]} d5 {[%clk
1:30:30]} 3. Nc3 {[%clk 1:30:30]} dxe4 {[%clk 1:30:30]} 4. Nxe4 {[%clk 1:30:30]}
Bf5 {[%clk 1:30:30]} 5. Ng3 {[%clk 1:30:30]} Bg6 {[%clk 1:30:30]} 6. Nf3 {[%clk
1:30:30]} Nd7 {[%clk 1:30:30]} 7. Bd3 {[%clk 1:30:30]} Bxd3 {[%clk 1:30:30]} 8.
Qxd3 {[%clk 1:30:30]} Ngf6 {[%clk 1:30:30]} 9. c4 {[%clk 1:30:30]} e6 {[%clk
1:30:30]} 10. Bd2 {[%clk 1:30:30]} Qc7 {[%clk 1:30:30]} 11. Bc3 {[%clk 1:30:30]}
Bd6 {[%clk 1:30:30]} 12. b4 {[%clk 1:30:30]} O-O {[%clk 1:30:30]} 13. O-O {[%clk
1:30:30]} Rfe8 {[%clk 1:30:30]} 14. Rfe1 {[%clk 1:30:30]} Rad8 {[%clk 1:30:30]}
15. Qc2 {[%clk 1:30:30]} b6 {[%clk 1:30:30]} 16. Rad1 {[%clk 1:30:30]} c5 {[%clk
1:30:30]} 17. dxc5 {[%clk 1:30:30]} bxc5 {[%clk 1:30:30]} 18. b5 {[%clk 1:30:30]}
Bxg3 {[%clk 1:30:30]} 19. hxg3 {[%clk 1:30:30]} h6 {[%clk 1:30:30]} 20. a4 {[%clk
1:30:30]} Nb6 {[%clk 1:30:30]} 21. a5 {[%clk 1:30:30]} Rxd1 {[%clk 1:30:30]} 22.
Rxd1 {[%clk 1:30:30]} Nbd7 {[%clk 1:30:30]} 23. Qb2 {[%clk 1:30:30]} e5 {[%clk
1:30:30]} 24. Nh4 {[%clk 1:30:30]} Ne4 {[%clk 1:30:30]} 25. Nf5 {[%clk 1:30:30]}
Nxc3 {[%clk 1:30:30]} 26. Qxc3 {[%clk 1:30:30]} Nf6 {[%clk 1:30:30]} 27. Ne3
{[%clk 1:30:30]} Rd8 {[%clk 1:30:30]} 28. Rxd8+ {[%clk 1:30:30]} Qxd8 {[%clk
1:30:30]} 29. Qxe5 {[%clk 1:30:30]} Qxa5 {[%clk 1:30:30]} 30. Kh2 {[%clk
1:30:30]} Qb6 {[%clk 1:30:30]} 31. f3 {[%clk 1:30:30]} Qe6 {[%clk 1:30:30]} 32.
Qxc5 {[%clk 1:30:30]} Qb6 {[%clk 1:30:30]} 33. Qc8+ {[%clk 1:30:30]} Kh7 {[%clk
1:30:30]} 34. Nd5 {[%clk 1:30:30]} Nxd5 {[%clk 1:30:30]} 35. cxd5 {[%clk
1:30:30]} Qd6 {[%clk 1:30:30]} 36. Qc6 {[%clk 1:30:30]} Qe5 {[%clk 1:30:30]} 37.
d6 {[%clk 1:30:30]} f5 {[%clk 1:30:30]} 38. d7 {[%clk 1:30:59]} f4 {[%clk
1:30:30]} 39. Qe4+ {[%clk 1:30:59]} Qxe4 {[%clk 1:30:30]} 40. fxe4 {[%clk
1:30:59]} fxg3+ {[%clk 1:30:30]} 41. Kxg3 {[%clk 1:30:59]} a5 {[%clk 1:30:30]}
42. bxa6 {[%clk 1:30:59]} h5 {[%clk 1:30:30]} 43. d8Q {[%clk 1:30:59]} h4+ {[%clk
1:30:30]} 44. Kxh4 {[%clk 1:30:59]} g5+ {[%clk 1:30:30]} 45. Kh5 {[%clk 1:30:59]}
Kg7 {[%clk 1:30:30]} 46. Qe7+ {[%clk 1:31:29]} Kg8 {[%clk 1:30:30]} 47. Kg6
{[%clk 1:31:29]} g4 {[%clk 1:30:30]} 48. Qg7# {[%clk 1:31:29]} 1-0

[Event "U12 Polish Youth Championship"]
[Site "chess24.com"]
[Date "2018.05.01"]
[Round "4"]
[White "Bancarewicz, Aleks"]
[Black "Kejna, Piotr"]
[Result "1-0"]
[Board "17"]
[WhiteElo "1708"]
[WhiteCountry "POL"]
[WhiteFideId "21838550"]
[WhiteEloChange "4"]
[BlackElo "1483"]
[BlackTitle "CM"]
[BlackCountry "POL"]
[BlackFideId "21821704"]
[BlackEloChange "-4"]

1. e4 {[%clk 1:30:59]} c5 {[%clk 1:30:53]} 2. Nf3 {[%clk 1:31:25]} d6 {[%clk
1:31:07]} 3. d4 {[%clk 1:31:48]} cxd4 {[%clk 1:31:32]} 4. Nxd4 {[%clk 1:32:13]}
Nf6 {[%clk 1:31:53]} 5. Nc3 {[%clk 1:32:32]} a6 {[%clk 1:31:45]} 6. Bc4 {[%clk
1:32:05]} e6 {[%clk 1:30:47]} 7. f3 {[%clk 1:28:30]} Qc7 {[%clk 1:29:18]} 8. Bb3
{[%clk 1:28:27]} Nc6 {[%clk 1:17:57]} 9. Be3 {[%clk 1:27:28]} Nxd4 {[%clk
1:08:52]} 10. Qxd4 {[%clk 1:22:31]} b5 {[%clk 1:06:00]} 11. O-O-O {[%clk
1:11:48]} Be7 {[%clk 1:04:27]} 12. g4 {[%clk 1:10:33]} O-O {[%clk 1:03:43]} 13.
g5 {[%clk 1:10:33]} Nd7 {[%clk 1:03:13]} 14. h4 {[%clk 1:03:58]} Bb7 {[%clk
0:55:02]} 15. h5 {[%clk 0:55:27]} Rfc8 {[%clk 0:45:43]} 16. g6 {[%clk 0:40:18]}
Nf6 {[%clk 0:31:09]} 17. Qd2 {[%clk 0:17:46]} d5 {[%clk 0:27:50]} 18. h6 {[%clk
0:14:01]} hxg6 {[%clk 0:27:31]} 19. hxg7 {[%clk 0:13:44]} Bb4 {[%clk 0:20:05]}
20. Bb6 {[%clk 0:07:02]} Nh5 {[%clk 0:16:05]} 21. Bxc7 {[%clk 0:07:01]} Rxc7
{[%clk 0:16:22]} 22. Qh6 {[%clk 0:06:24]} f6 {[%clk 0:16:32]} 23. Qxg6 {[%clk
0:06:23]} Nxg7 {[%clk 0:16:17]} 24. exd5 {[%clk 0:05:58]} Bxc3 {[%clk 0:16:33]}
25. bxc3 {[%clk 0:06:16]} exd5 {[%clk 0:16:38]} 26. Rxd5 {[%clk 0:05:58]} Rc4
{[%clk 0:16:51]} 27. Bxc4 {[%clk 0:06:09]} bxc4 {[%clk 0:17:17]} 28. Rd7 {[%clk
0:06:00]} Kf8 {[%clk 0:17:03]} 29. Rh8# {[%clk 0:06:06]} 1-0